000 00429nam a2200145 i 4500
001 78060
003 ES-MaACL
005 20230906173525.0
007 t|
008 041011s1935 xxk ||||1| eng d
245 0 2 _aA handbook of marxism
_b: being a collection of extracts from the writins of Marx, Engels.
260 _aLondon :
_bVictor Gollancz,
_c1935 (
_fCamelot)
300 _a1087 p. ;
_c19 cm.
852 _aES-MaACL
_jA-4049
999 _c78060
_d78060